| 000 | 00573nam a2200205 u 4500 | ||
|---|---|---|---|
| 005 | 20210223131357.0 | ||
| 008 | 100906s2000 r 000 0 eng d | ||
| 020 | _a9993480029 | ||
| 035 | _aUPN01000177689 | ||
| 049 | _aCG | ||
| 050 | 4 |
_aPQ7404 _bC4.2 2000 |
|
| 100 | 1 | _aCéspedes, Diógenes | |
| 245 | 1 | 0 |
_aAntología del cuento dominicano / _cDiógenes Céspedes. |
| 250 | _a2a ed. correg. | ||
| 260 |
_aSanto Domingo : _bManatí, _c2000. |
||
| 300 | _a340 p. | ||
| 650 | 4 |
_aCUENTOS DOMINICANOS _912777 |
|
| 650 | 4 |
_aLITERATURA DOMINICANA _916670 |
|
| 905 | _aLibro | ||
| 999 |
_c149792 _d149792 |
||